Score 0/35 Timer 10:00
0 Plays Today
Developer/Genre Game Title % Correct
Rare/PlatformerDonkey Kong Country
95.5%
Nintendo/PlatformerSuper Mario World
88.8%
Nintendo/RacingSuper Mario Kart
83.6%
Nintendo/MetroidvaniaSuper Metroid
77.6%
Nintendo/Action-AdventureThe Legend of Zelda: A Link to the Past
69%
Nintendo/PlatformerSuper Mario World 2: Yoshi's Island
68.1%
Nintendo/Rail ShooterStar Fox
64.7%
Nintendo/RacingF-Zero
63.8%
HAL Laboratory/PlatformerKirby Super Star
50.9%
Nintendo/SportsSuper Punch-Out!!
50%
Intelligent Systems/PuzzleTetris Attack/Panel de Pon
49.1%
Argonaut/Rail ShooterStar Fox 2
48.3%
Capcom/RPGBreath of Fire
45.7%
HAL Laboratory/PlatformerKirby's Dream Land 3
44.8%
Nintendo/PlatformerSuper Mario All-Stars
44.4%
TOSE, Tonkin House/SportsSuper Tennis
44%
Capcom/RPGBreath of Fire II
43.1%
Capcom/PlatformerSuper Ghouls 'n Ghosts
41.4%
Developer/Genre Game Title % Correct
HAL Laboratory/SportsKirby's Dream Course
40.5%
Nintendo/SimulatorPilotwings
38.8%
Capcom/PlatformerDemon's Crest
38.8%
Nintendo/RacingStunt Race FX
35.3%
Konami/Shoot-em-UpPop'n TwinBee
34.5%
Natsume/Shoot-em-UpWild Guns
31.9%
Natsume/SportsNatsume Championship Wrestling
31.8%
Human Entertainment/SportsSuper Soccer
28.4%
Namco/SportsSmash Tennis
26.7%
Jaleco/Beat-em-UpBrawl Brothers
25.9%
Data East/PlatformerJoe & Mac 2: Lost in the Tropics
24.1%
Compile/PuzzleSuper Puyo Puyo 2
24.1%
Jaleco/ActionOperation Logic Bomb
23.3%
Jaleco/Shoot-em-UpSuper E.D.F. Earth Defense Force
19.8%
Jaleco/Beat-em-UpThe Peace Keepers
0%
Jupiter/PuzzleMario's Super Picross
0%
Rare/PlatformerDonkey Kong Country 2: Diddy's Kong Quest
0%
Remove Ads.
Support Sporcle.
Get the best of Sporcle when you Go Orange. This ad-free experience offers more features, more stats, and more fun while also helping to support Sporcle. Thank you for becoming a member.

You're not logged in!

Compare scores with friends on all Sporcle quizzes.
OR
Log In

Sporcle TV

Today on Sporcle TV


Watch our educational content, quiz creation guides, and fun videos on Sporcle TV.

Show Comments

Extras

Top Quizzes Today


Score Distribution

Paid Content

Your Account Isn't Verified!

In order to create a playlist on Sporcle, you need to verify the email address you used during registration. Go to your Sporcle Settings to finish the process.

Report this User

Report this user for behavior that violates our Community Guidelines.

Details: